000 00693nam a22001935i 4500
001 164818
003 ES-MaACL
005 20230906213020.0
008 950206s1881 sp |||| | spa d
040 _aCARM
_bspa
_cCCPB | PA2
100 1 _aSastre, Francisco.
_9132491
245 1 0 _aManual del comerciante /
_cpor Francisco Sastre.
260 _aMadrid :
_bLibrería Universal,
_c1881.
300 _a70 p. ;
_c17 cm.
490 1 _aBiblioteca del pueblo ;
_v6
830 0 _aBiblioteca del pueblo ;
_v6
_9187680
852 _aES-MaACL
_jT-950-F-4
_z-- Enc. hol. conservando la cub. original
_z-- Donativo del Ministerio de Fomento
_z-- Enc. en un vol. facticio
999 _c164818
_d164818